000 00641nam a22002057a 4500
005 20251108170547.0
008 250721s1999 xx 000 0 ara d
082 1 4 _aط/ ق
100 1 _aفيرن، جول
245 1 0 _aعشرون ألف فرسخ تحت الماء /
264 1 _aحلب :
_bدار ربيع للنشر،
_c[1999].
300 _a190ص.:مص
490 0 _aروايات عالمية للناشئة
650 1 7 _aالروايات
653 _aناشئون كبار (15-18 سنة)
700 1 _aخشفة، محمد نديم
_eTran.
700 1 _aحاج حسين، ذكرى
_eTran.
942 _2ddc
_cBK
999 _c43513
_d43513